|
|
|
|
| LEADER |
00000cam a2200000 a 4500 |
| 001 |
vtls008366234 |
| 003 |
SK-MaSNL |
| 005 |
20260301181422.0 |
| 008 |
230403s1948 xo a g 000 f slo |
| 015 |
|
|
|a SNBA19451955-001256
|
| 035 |
|
|
|a SK01SNKBKSFS20010058451
|
| 035 |
|
|
|a urn:nbn:sk:snk-am3i3ei
|
| 035 |
|
|
|a C43F6FEC-F6CB-4D74-8FC0-2BB02DF9AFD0
|
| 035 |
|
|
|a urn:nbn:sk:snk-am00dihs
|
| 035 |
|
|
|a SKM000060914
|
| 040 |
|
|
|a SNK
|b slo
|c SNK
|e AACR2
|
| 041 |
1 |
|
|a slo
|h eng
|
| 044 |
|
|
|a xo
|c SK
|
| 080 |
|
|
|a 820-3
|2 1981
|
| 100 |
1 |
|
|a Burnett, Frances Hodgson,
|d 1849-1924
|4 aut
|9 62310
|
| 240 |
1 |
0 |
|a Little Lord Fauntleroy
|l Slovensky
|
| 245 |
1 |
0 |
|a Malý lord
|b román o vzornom chlapcovi a dojemnej láske k rodičom
|c Frances Eliza Hodgson Burnett ; z anglického originálu preložili a upravili M. Petrašovská, V.H. Kurtha, P. Kováč ; ilustrácie Sibylla Greinerová
|
| 260 |
|
|
|a Bratislava
|b Novum
|c 1948
|e Nové Zámky
|f Kališ
|
| 300 |
|
|
|a 277, [3] s.
|b ilustrácie
|c 24 cm
|
| 366 |
|
|
|e 5.000 výt.
|
| 490 |
1 |
|
|a Svetová knižnica pre mládež : poradie: romány
|v sv. 4
|
| 500 |
|
|
|a V.H. Kurtha: O autorovi a diele. V.H. Kurtha: Nad zatvorenou knihou
|
| 650 |
0 |
7 |
|a anglická literatúra
|2 SNKPH
|9 1295
|
| 655 |
|
7 |
|a publikácie pre deti a mládež
|2 SNKPH
|9 70541
|
| 700 |
1 |
|
|a Petrašovská, Mária
|4 trl
|4 adp
|9 517047
|
| 700 |
1 |
|
|a Kurtha, Henrich,
|d 1903-1993
|4 trl
|4 adp
|4 aui
|9 56068
|
| 700 |
1 |
|
|a Kováč, P.
|4 trl
|4 adp
|9 463283
|
| 700 |
1 |
|
|a Greinerová, Sibylla,
|d 1919-2008
|4 ill
|9 184472
|
| 830 |
|
0 |
|a Svetová knižnica pre mládež
|9 553932
|
| 852 |
|
|
|a Slovenská národná knižnica
|
| 954 |
|
|
|a beletria cudzojazyčná (svetová)
|2 lita
|
| 958 |
|
|
|a RK
|
| 958 |
|
|
|a TL
|
| 958 |
|
|
|a LX
|
| 958 |
|
|
|a UP
|
| 958 |
|
|
|a OND
|
| 958 |
|
|
|a EUIPO
|
| 999 |
|
|
|c 849939
|d 851869
|
| 952 |
|
|
|a SNK
|b SNK
|y VYP
|7 0
|p 17A1564720
|o snkSC 4167/4 D2
|i snkVI. 3115/55
|8 1
|0 0
|1 0
|4 0
|d 2025-02-06
|l 0
|r 2026-02-24 04:38:41
|w 2026-02-24
|
| 952 |
|
|
|a SNK
|b SNK
|y PREZ
|7 0
|p 17A0137285
|o snkSC 4167/4
|i snk2264/49
|0 0
|1 0
|4 0
|d 1998-04-30
|f 1
|l 0
|r 2025-06-25 00:00:00
|w 2026-02-24
|